| 000 | 00411nam a2200157 a 4500 | ||
|---|---|---|---|
| 001 | 000031845 | ||
| 003 | DO-SdBNP | ||
| 005 | 20230912133329.0 | ||
| 008 | 110706s19uu sp 000 0 spa d | ||
| 040 |
_aDO-SdBNP _bspa _cBNPHU |
||
| 100 | 1 |
_aRamos, Alfonso _958049 |
|
| 245 | 1 | 0 |
_aIsla de soledad / _cAlfonso Ramos. |
| 260 |
_aBarcelona : _bMontalvo, _c[19-?]. |
||
| 300 |
_a37 p. ; _c25 cm. |
||
| 942 |
_2ddc _cLBS1 |
||
| 999 |
_c31337 _d31337 |
||